TB. OF MIDWIFERY AND OBSTETRICS (Record no. 16547)

MARC details
000 -LEADER
fixed length control field 00323nam a22001457a 4500
003 - CONTROL NUMBER IDENTIFIER
control field SGT
020 ## - INTERNATIONAL STANDARD BOOK NUMBER
International Standard Book Number 978-93-86896-02-5
082 ## - DEWEY DECIMAL CLASSIFICATION NUMBER
Classification number 610.73678
Item number M19M
100 ## - MAIN ENTRY--PERSONAL NAME
Personal name MAGON, SHALLY
245 ## - TITLE STATEMENT
Title TB. OF MIDWIFERY AND OBSTETRICS
250 ## - EDITION STATEMENT
Edition statement 4TH
260 ## - PUBLICATION, DISTRIBUTION, ETC. (IMPRINT)
Place of publication, distribution, etc INDIA
Name of publisher, distributor, etc LOTUS
Year of Publication 2019
300 ## - PAGE DESCRIPTION
No. of Pages 1095
942 ## - ADDED ENTRY ELEMENTS (KOHA)
Source of classification or shelving scheme Dewey Decimal Classification
Koha item type Books
942 ## - ADDED ENTRY ELEMENTS (KOHA)
-- 218
Holdings
Withdrawn status Lost status Source of classification or shelving scheme Damaged status Not for loan Collection code Home library Current library Shelving location Date acquired Vendor Name Cost, normal purchase price SGTU Bill Number Total Checkouts Total Renewals Full call number Accession No. (Barcode) Date last seen Date last borrowed Bill Date Koha item type
    Dewey Decimal Classification     NURSING SGT Medical Library SGT Medical Library Text Book 19/01/2019 ABC 750.00 SGTU 10396 81 3 610.73678 M19M FN3942 10/01/2026 30/12/2025 19/01/2019 Books
    Dewey Decimal Classification     NURSING SGT Medical Library SGT Medical Library Text Book 19/01/2019 ABC 750.00 SGTU 10396 45   610.73678 M19M FN3943 05/09/2025 19/08/2025 19/01/2019 Books
    Dewey Decimal Classification     NURSING SGT Medical Library SGT Medical Library Text Book 19/01/2019 ABC 750.00 SGTU 10396 78 2 610.73678 M19M FN3944 10/01/2026 24/12/2025 19/01/2019 Books
    Dewey Decimal Classification     NURSING SGT Medical Library SGT Medical Library Text Book 19/01/2019 ABC 750.00 SGTU 10396 63   610.73678 M19M FN3945 27/03/2026 18/03/2026 19/01/2019 Books